000 00612nam a22001935i 4500
001 68825
003 ES-MaACL
005 20251004063113.0
007 t|
008 960829s1859 fr ||||1| fre d
100 1 _aGirardin, Émile de,
_d1806-1881
_957233
245 1 3 _aLe désarmement européen /
_cpar Emile de Girardin.
260 _aParis :
_bMichel Lévy Fréres libraires-éditeurs,
_c1859 (
_fImp. Serriere et Comp.)
300 _a67 p. ;
_c22 cm.
650 4 _aDesarme.
_911786
651 4 _aEuropa-
_xHistoria-
_y1789-1900.
_9138070
852 4 _aES-MaACL
_jT-55-F-5
999 _c68825
_d68825